000 00678nam a2200193 i 4500
001 101262
003 ES-MaACL
005 20230906182847.0
007 t|
008 051017s1959 sp ||||1| spa d
100 1 _aMáximo del Cosso, Celso.
_979307
245 1 0 _aResistencia de materiales /
_cpor Celso Máximo del Cosso; prólogo de D. Marcial de Bustinduy.
260 _aMadrid :
_bDossat,
_c1959.
300 _aXVII, 489 p. :
_bil. ;
_c26 cm.
500 _aPrecede al tít.: Escuela de Peritos Industriales de Madrid.
700 1 _aBustinduy, Marcial de.
_932903
710 2 _aEscuela de Peritos Industriales de Madrid.
_93560
852 _aES-MaACL
_jC-16519
_bR.45012
999 _c101262
_d101262